000
00319nam a2200121Ia 4500
008
220204s9999 xx 000 0 und d
082
_a
657.64
_b
BAT
100
_a
Batliboi, Jamshed R
245
0
_a
Principles and practice of auditing
260
_a
Bombay
_b
Standard Accountancy
_c
1966
650
_a
Auditing
942
_c
BK
999
_c
21846
_d
21846